000 00984nam0a2200265 4500
001 RU\NLR\BIBL_A\011693128
005 20250626112154.0
035 _a(NLR Aleph) 011693128
090 _a11349621
_c11349621
100 _a20180507d1981 |||y0rusy50 ca
101 0 _aava
102 _aRU
105 _ay z 000cy
200 9 _aДир захIмат - дир талихI
_eочеркал
_fГI. М. ГIалиев
210 _aМахачкала
_cДагучпедгиз
_d1981
215 _a149,[1] с.
_d16
300 _aНа обл. авт. не указан
541 1 _6z01790
_aСчастье мое-в труде
_eдля сред. и ст. шк. возраста
_zrus
686 1 _aШ9(2)6=Ав-46
700 1 _aГІалиев
_bГӀ.-М.
_gГӀисал-МухӀамад
_4070
790 1 _6z01790
_aАлиев
_bИ.-М. И.
_gИсал-Магомед Исаевич
_4070
852 _aNLR
_bОНЛ
_jАвар./2-1121
942 _cBOOK
980 _aNB